| Record ID | marc_records_scriblio_net/part22.dat:25621998:666 |
| Source | Scriblio |
| Download Link | /show-records/marc_records_scriblio_net/part22.dat:25621998:666?format=raw |
LEADER: 00666cam 2200217 a 4500
001 91039895 //r95
003 DLC
005 19950804172515.7
008 911023r19921970meu d 00011 eng
010 $a 91039895 //r95
020 $a1560542772 (acid-free paper)
040 $aDLC$cDLC$dDLC
050 10 $aPR6015.E795$bE5 1992
082 00 $a823/.912$220
100 10 $aHeyer, Georgette,$d1902-1974.
245 10 $aEnvious Casca /$cGeorgette Heyer.
260 0 $aThorndike, Me. :$bThorndike Press,$c1992.
300 $a489 p. (large print) ;$c23 cm.
500 $a"Thorndike large print"--Spine.
655 7 $aDetective and mystery stories.$2gsafd
650 0 $aLarge type books.